00587nam a22001457a 4500020001800000040000900018082001500027100003100042245009000073260004500163650009800208942001200306999001900318952010400337 a9788120305083 cNust a519.2bTRI aKishore S. Trivedi9124427 aProbability & Statistics with Reliability, Queuing, and Computer Science applications aNew Delhi:bPHI Learning Pvt Ltd,c1992. aProbability & Statistics with Reliability, Queuing, and Computer Science applications9124428 2ddccBK c610292d610292 00102ddc4070aCEMEbCEMEcGENd2024-07-11l0o519.2 TRIpCEME- 46850r2024-07-11w2024-07-11yBK